000 00506nam a22001937a 4500
003 OSt
005 20220107122835.0
008 171124b xxu||||| |||| 00| 0 eng d
020 _a9780226470535
040 _cIIITMK
082 _a580 LEE/N
100 _aLee, David
_913393
245 _aNature's palette:
_bThe science of plant color
260 _aChicago,
_bThe University of Chicago,
_c2007.
300 _axvi, 409p.
650 _aBOTANY
_913394
650 _aPLANT COLORS
_913395
942 _2ddc
_cBK
999 _c5931
_d5931